Pán Dr.h.c. prof. dr. Ing. František Špaldon, DrSc., 90 ročný člen-korešpondent SAV nestor slovenského úpravníctva

Podrobná bibliografia
Hlavný autor: Kušnierová, Mária (Author)
Médium: Článok
Jazyk:Slovak
Témy:
Zdroj: 1. Mineralia slovaca 1. Roč. 42, č. 3 (2010) 1. 0369-2086
2. Príl.: 2. Geovestník 2. Č. 3 (2010), s. 384-385
LEADER 00969nab#a2200349#ar4500
001 000103490
003 SVKKK
005 20101228144632.0
008 080509c2010 xo |||||||||||||||b|slo
FMT
015 |a SNBRB2010/12 
038 |a SVKKK 
040 |a SVKKK  |b slo  |e AACR2 
041 0 |a slo 
044 |a xo  |c SK 
080 |a 929 Špaldon, František  |2 1997 
080 |a 622-051  |2 1997 
100 1 |a Kušnierová, Mária  |4 aut 
245 1 0 |a Pán Dr.h.c. prof. dr. Ing. František Špaldon, DrSc., 90 ročný člen-korešpondent SAV  |b nestor slovenského úpravníctva  |c Mária Kušnierová 
300 |b Obr. 
504 |a Bibliogr. odkazy 
600 1 4 |a Špaldon, František  |d 1920-  |x montanista 
773 0 |t Mineralia slovaca  |g Roč. 42, č. 3 (2010)  |x 0369-2086 
773 0 |i Príl.:  |t Geovestník  |g Č. 3 (2010), s. 384-385 
958 |a NB 
958 |a BX 
974 |a Ni 
992 |a RBX 
BAS
852 |a SVKKK  |b BIB 
EXP
998 |a GEO